000 00677nam a2200217 4500
003 OSt
005 20240716071506.0
006 a
008 240716b |||||||| |||| 00| 0 eng d
020 _a0534391508
040 _aDWCL-Main lib.
_cOC
082 _aCirc. 621.3822 S334f 2005
100 _aSchilling, Robert J.
245 _aFundamentals of digital signal processing using MATLAB /
260 _aN. Y. :
_bThomson,
_cc2005.
300 _axiii,
_b786 p. : ill. ;
_c24 cm.
504 _aIncludes bibliographical references and index.
650 _a1. MATLAB.
650 _a2. Signal processing-Digital techniques-Data processing.
942 _2ddc
_n0
_cBK-CIRC
_kCirc.
999 _c2264
_d2264